Missing Word: Songs by Female Country Singers II Quiz Stats

 Plays Quiz Updated Oct 5, 2017

Score 0/20 Timer 05:00
0 Plays Today
Hint Answer % Correct
Shania TwainWoman
91.6%
Taylor SwiftWith
88.3%
Gretchen WilsonUp
81.9%
Shania TwainMine
79%
Shania TwainMoment
76.8%
Shania TwainImpress
73.6%
Taylor SwiftTeardrops
67.8%
Shania TwainStill
65.6%
Gretchen WilsonHarder
63%
Gretchen WilsonThink
61.8%
Hint Answer % Correct
Kacey MusgravesMerry
53.2%
Kacey MusgravesStore
53.1%
Taylor SwiftBurn
51.1%
Taylor SwiftOur
50.8%
Gretchen WilsonRedneck
47.6%
Gretchen WilsonParty
45.2%
Taylor SwiftDecember
42.5%
Kacey MusgravesSmoke
30.4%
Kacey MusgravesFollow
29.3%
Kacey MusgravesPageant
13.1%

Today's Daily Dose

You're not logged in!

Compare scores with friends on all Sporcle quizzes.
OR
Log In

You Might Also Like...

Show Comments

Extras

Top Quizzes Today


Score Distribution

Your Account Isn't Verified!

In order to create a playlist on Sporcle, you need to verify the email address you used during registration. Go to your Sporcle Settings to finish the process.

Report this User

Report this user for behavior that violates our Community Guidelines.

Details: